Statistics for Flawed Democracies (2023)

Click here to take the quiz!

General Stats

  • This quiz has been taken 67 times
    (13 since last reset)
  • The average score is 41 of 50

Answer Stats

Answer% Correct
Argentina
100%
Brazil
100%
Chile
100%
Hungary
100%
Serbia
100%
Albania
90%
Botswana
90%
Colombia
90%
Croatia
90%
Dominican Republic
90%
India
90%
Indonesia
90%
Malaysia
90%
Moldova
90%
Montenegro
90%
Panama
90%
Paraguay
90%
Poland
90%
Slovenia
90%
South Africa
90%
United States
90%
Bulgaria
80%
Czech Republic
80%
Estonia
80%
Israel
80%
Italy
80%
Jamaica
80%
Latvia
80%
Lithuania
80%
Mongolia
80%
Papua New Guinea
80%
Philippines
80%
Romania
80%
Singapore
80%
Slovakia
80%
Cape Verde
70%
Ghana
70%
Guyana
70%
Lesotho
70%
Malta
70%
Namibia
70%
North Macedonia
70%
Suriname
70%
Thailand
70%
Belgium
60%
Cyprus
60%
Portugal
60%
Sri Lanka
60%
Timor-Leste
60%
Trinidad and Tobago
60%

Score Distribution

Percentile by Number Answered

Percent of People with Each Score

Your Score History

You have not taken this quiz since the last reset